LEADER 01906nam a2200325 u 4500 001 000000006586 003 CaOOAMICUS 005 20070226104906.0 008 940514s1976 it u000 u ita u 035 $a10170761 040 $aPUL(R)$bita 041 1 $aita$hger 100 1 $aBaus, Karl,$d1904-1994.$0(OLS)http://pul/name/6701 240 10$aVon der Urgemeinde zur frühchristlichen Grosskirche.$lItaliano.$0(OLS)http://pul/title/9684 245 13$aLe origini :$binizi e affermazioni della comunità cristiana : la chiesa dalle origini alla convenzione di Milano : i Padri e il monachesimo eremitico (I-IV sec.) /$cdi Karl Baus ; prefazione all'edizione italiana Gian Domenico Gordini ; traduzione Nerina Beduschi ; revisione e aggiornamento bibliografico Elio Guerriero e Walther Ruspi ; introduzione alla Storia della Chiesa di Hubert Jedin. 260 $aMilano :$bJaca Book,$c1976. 300 $a590 p. ;$c25 cm 490 1 $aStoria della Chiesa ;$v1 490 1 $aGià e non ancora ;$v4 500 $ap. 3-65: Introduzione alla storia della chiesa / di Hubert Jedin. 500 $aOpera diretta da Hubert Jedin. 650 4$aChiesa$xStoria$yChiesa primitiva, ca. 30-600.$0(OLS)http://pul/subject/93 700 1 $aJedin, Hubert,$csac.,$d1900-1980.$0(OLS)http://pul/name/4262 830 0$aGià e non ancora ;$v4.$0(OLS)http://pul/title/129 830 0$aStoria della Chiesa (Jaca Book) ;$v1.$0(OLS)http://pul/title/9686 850 $aPUL 852 $aPUL$W1$xSL Cons. Gen., Altre Classi 1$y1$m1395.A$j9322$nBK-PRI$b $qStampati$B9322$CPULBib$Z2$F9322 $H43144 $81 941 1 $a8 996 $6245$aLe origini :$binizi e affermazioni della comunità cristiana : la chiesa dalle origini alla convenzione di Milano : i Padri e il monachesimo eremitico (I-IV sec.)$9(OLS)http://pul/title/9685 996 $6260$aMilano :$bJaca Book$9(OLS)http://pul/publisher/47900 LEADER 01177nam a2200277 a 4500 001 000000144375 003 CaOOAMICUS 005 20150625135328.0 008 150625s1999 it u000 u ita r 020 $a88-215-3937-7 040 $aPUL$bita 100 1 $aMartini, Carlo Maria,$ccardinale, arcivescovo di Milano,$d1927-2012.$0(OLS)http://pul/name/6653 245 10$aCarlo Maria Martini :$binvito alla lettura /$cdi Giuliano Vigini. 260 $aCinisello Balsamo :$bSan Paolo,$c1999. 300 $a95 p.$c18 cm 490 1 $aScrittori di Dio. Contemporanei ;$v76 500 $aScelta di scritti. 700 1 $aVigini, Giuliano,$d1946-$0(OLS)http://pul/name/35667 830 0$aScrittori di Dio.$pContemporanei ;$v76.$0(OLS)http://pul/title/174549 850 $aPUL 852 $aPUL$W1$xDP1 Fondo S. Lanza$y121$m3 D 55$j166601$qFondi$B167204$CPULBib$Z2$F167204 $HLan2219 $82 941 1 $a1 996 $6020$a88-215-3937-7$9(OLS)http://pul/number/158079 996 $6245$aCarlo Maria Martini :$binvito alla lettura$9(OLS)http://pul/title/182667 996 $6260$aCinisello Balsamo :$bSan Paolo$9(OLS)http://pul/publisher/54577